Chronicling the soul's windings : (Record no. 40184)
[ view plain ]
| 000 -LEADER | |
|---|---|
| fixed length control field | 00787cam a2200229 a 4500 |
| 001 - CONTROL NUMBER | |
| control field | 3905707 |
| 005 - DATE AND TIME OF LATEST TRANSACTION | |
| control field | 20160916203148.0 |
| 008 - FIXED-LENGTH DATA ELEMENTS--GENERAL INFORMATION | |
| fixed length control field | 910603s1992 mdu b 001 0deng |
| 010 ## - LIBRARY OF CONGRESS CONTROL NUMBER | |
| LC control number | 91021330 |
| 020 ## - INTERNATIONAL STANDARD BOOK NUMBER | |
| International Standard Book Number | 0819183628 (hard : alk. paper) |
| 100 1# - MAIN ENTRY--PERSONAL NAME | |
| Personal name | Ball, John H., |
| Dates associated with a name | 1954- |
| 245 10 - TITLE STATEMENT | |
| Title | Chronicling the soul's windings : |
| Remainder of title | Thomas Hooker and his morphology of conversion / |
| Statement of responsibility, etc | John H. Ball III. |
| 260 ## - PUBLICATION, DISTRIBUTION, ETC. (IMPRINT) | |
| Place of publication, distribution, etc | Lanham : |
| Name of publisher, distributor, etc | University Press of America, |
| Date of publication, distribution, etc | c1992. |
| 300 ## - PHYSICAL DESCRIPTION | |
| Extent | viii, 272 p. : |
| Dimensions | 23 cm. |
| 336 ## - CONTENT TYPE | |
| Content Type Term | text |
| 337 ## - MEDIA TYPE | |
| Media Type Term | unmediated |
| 338 ## - CARRIER TYPE | |
| Carrier Type Term | volume |
| 504 ## - BIBLIOGRAPHY, ETC. NOTE | |
| Bibliography, etc | Includes bibliographical references (p. [259]-268) and index. |
| 600 10 - SUBJECT ADDED ENTRY--PERSONAL NAME | |
| Personal name | Hooker, Thomas, |
| Dates associated with a name | 1586-1647. |
| 650 #0 - SUBJECT ADDED ENTRY--TOPICAL TERM | |
| Topical term or geographic name as entry element | Conversion |
| General subdivision | Christianity |
| -- | History of doctrines |
| Chronological subdivision | 17th century. |
| 942 ## - ADDED ENTRY ELEMENTS (KOHA) | |
| Source of classification or shelving scheme | Library of Congress Classification |
| Item type | Books |
| Withdrawn status | Lost status | Source of classification or shelving scheme | Damaged status | Not for loan | Home library | Current library | Shelving location | Date acquired | Source of acquisition | Inventory number | Total Checkouts | Full call number | Barcode | Date last seen | Price effective from | Koha item type |
|---|---|---|---|---|---|---|---|---|---|---|---|---|---|---|---|---|
| Library of Congress Classification | BSOP Library | BSOP Library | GC | 09/16/2016 | 38563 | BX7260.H76 B21 1992 | 00048563 | 09/16/2016 | 09/16/2016 | Books |
